000 00880nam a22001695i 4500
001 161247
003 ES-MaACL
005 20230906212231.0
008 950614s1862 fr |||| | fre d
040 _aGA
_bspa
_cCCPB | SIC
100 1 _aPailleron, Edouard.
_9130777
245 1 3 _aLe mur mitoyen
_b: comédie en deux actes, en vers /
_cEdouard Pailleron.
260 _aParis :
_bMichel Lévy Frères, Libraires-Editeurs,
_c1862 (
_fImprimerie Pillet Fils Aisié)
300 _a[4], 71, 36 p. ;
_c20 cm.
596 1 _aMarca de ed. en port.
852 _aES-MaACL
_jT-734-F-5
_z-- Enc. hol., conservando la cub. original
_z-- Enc. en un vol. facticio
_x-- Edic.: este ejemp. no tiene la secuencia de 36 p. -- Corregir en T245 "... / par Edouard Pailleron" -- Añadir T500 Représentée pour la première fois à Paris, sur le théâtre impérial de l'Odéon, le 10 décembre 1861
999 _c161247
_d161247